00808nam a2200217 a 4500001001000000003000400010005001700014008004100031040002800072082001500100100002700115245008300142260003800225300003500263500008100298504003200379650004700411650004600458650005500504700003100559000045569OSt20201026090928.0150415s1994 dr a 000 0 spa d aDO-SdBNPbspacDO-SdBNP a510bB142m1 aBáez de Erazo, Melba10aMatemática básica III /cMelba Báez de Erazo, Reyita Taveras de Frías. aSanto Domingo :bCorripio,c1994. axviii, 560 p. :bil. ;c23 cm. aIncluye datos biográficos de las autoras en la solapa de la contracubierta aBibliografía : p. 559-560 7aMatemáticas xProblemas, ejercicios, etc a Ecuaciones, xProblemas, ejercicios etc. 7aTeoría de conjuntos xProblemas, ejercicio, etc 12aTaveras de Frías, Reyita